000 00269nam a2200109Ia 4500
005 20251222143236.0
008 251222s9999||||xx |||||||||||||| ||spa||
082 _a351.83/E92/Ej.2
245 0 _aInformes Laborales
264 _bEstudio Caballero Bustamante
942 _cLIB
999 _c14374
_d14374